000 00789nam a2200229Ia 4500
001 1134
003 GE_BSU
008 181216s||||||||xx |||||||||||||| ||und||
040 _cGE_BSU
080 _a632.934
100 _aგეგენავა, გ.
245 _aმცენარეთა ქიმიური დაცვა.
245 _bსახელმძღვანელო უმაღლესი სას–სამ.სასწ. სტუდენტებისათვის.
260 _aთბილისი
260 _bგანათლება
260 _c1982
300 _a355 გვ.20 სმ.
541 _h12 ლ.
653 _aმცენარეთა ქიმიური დაცვა
653 _aქიმია
942 _cBK
999 _c35284
_d35284